| 000 | 00605nam a22001937a 4500 | ||
|---|---|---|---|
| 005 | 20130813112308.0 | ||
| 010 | _aENG-107875 | ||
| 020 |
_a9788180642371 _c200.00 |
||
| 035 | _aEN-91408 | ||
| 037 | _bDBAD/PUB | ||
| 082 | _a320.954 | ||
| 245 | 0 | 0 |
_aGlobalization governance and sustainable development / _cedited by Chhanda Karfa [and] Mitrajit Chatterjee |
| 260 |
_aKolkata _bProgressive Publishers _c2013 |
||
| 270 |
_a37A, College Street _bKolkata |
||
| 300 |
_a231p. _c22cm(pbk) |
||
| 700 | _aKarfa, Chhanda | ||
| 700 | _aChatterjee, Mitrajit | ||
| 942 |
_2ddc _cEN _mGLO _h320.954 |
||
| 999 |
_c77221 _d77221 |
||